[Event "St Veit op 41st"]
[Site "St Veit"]
[Date "2022.07.16"]
[Round "9"]
[White "Dotzer, Lukas"]
[Black "Holzleithner, Johannes"]
[Result "1-0"]
[WhiteElo "2269"]
[BlackElo "2022"]
[PlyCount "207"]
[EventDate "2022.07.09"]
[EventType "swiss"]
[EventRounds "9"]
[EventCountry "AUT"]
[SourceTitle "CBM 209 Extra"]
[Source "ChessBase"]
[SourceDate "2022.09.30"]
[SourceVersion "1"]
[SourceVersionDate "2022.09.30"]
[SourceQuality "1"]

1. e4 e6 2. d4 d5 3. Nd2 c5 4. exd5 Qxd5 5. Ngf3 cxd4 6. Bc4 Qd6 7. 0-0 Nf6 8. Nb3 Nc6 9. Nbxd4 Nxd4 10. Nxd4 Be7 11. Nb5 Qc6 12. Qe2 0-0 13. Bf4 a6 14. Nd4 Qc5 15. Nb3 Qc6 16. a4 Bd6 17. Bxd6 Qxd6 18. Rad1 Qc7 19. g4 e5 20. g5 Bg4 21. f3 Bh3 22. gxf6 Rfc8 23. Bd3 Bxf1 24. Kxf1 gxf6 25. Qe4 Kf8 26. Qxh7 Ke7 27. Qe4 Qb6 28. f4 Rg8 29. Nc5 Rg4 30. a5 Qxb2 31. Re1 Rag8 32. Kf2 Rg2+ 33. Kf3 Rxh2 34. fxe5 Rh3+ 35. Kf2 Rh2+ 36. Kf1 f5 37. Qd5 Rd8 38. Qxb7+ Qxb7 39. Nxb7 Rd5 40. Re2 Rxe2 41. Bxe2 Kd7 42. Bxa6 Rxe5 43. Bd3 Kc7 44. a6 Rd5 45. Ke2 Kb6 46. Kd2 f4 47. c4 Re5 48. c5+ Kc7 49. Be2 Re3 50. Nd6 Kc6 51. a7 Ra3 52. Bf3+ Kxc5 53. Nc8 Ra2+ 54. Kd3 Ra3+ 55. Ke2 Ra2+ 56. Kf1 Ra1+ 57. Kg2 Ra2+ 58. Kh3 Kd4 59. a8Q Rxa8 60. Bxa8 Ke3 61. Kg2 f6 62. Bf3 Kd2 63. Nd6 Ke3 64. Nf5+ Kd2 65. Kf2 Kd3 66. Ke1 Kc2 67. Ke2 Kc3 68. Be4 Kc4 69. Kd2 Kb4 70. Kd3 Kb3 71. Kd4 Kb2 72. Kc4 Kc1 73. Kc3 Kd1 74. Bf3+ Ke1 75. Kd3 Kf2 76. Be4 Ke1 77. Bf3 Kf2 78. Ke4 Ke1 79. Kxf4 Kd2 80. Ke4 Kc3 81. Be2 Kd2 82. Bd3 Kc3 83. Ke3 Kb4 84. Kd4 Kb3 85. Be2 Kb2 86. Kc4 Kc2 87. Bd3+ Kb2 88. Kb4 Ka1 89. Nd4 Kb2 90. Bf5 Ka1 91. Kc3 Ka2 92. Bc2 f5 93. Bxf5 Ka1 94. Nb3+ Ka2 95. Be4 Ka3 96. Bb1 Ka4 97. Nd4 Ka5 98. Be4 Kb6 99. Ne6 Kb5 100. Kb3 Ka5 101. Bc6 Kb6 102. Bd7 Ka5 103. Kc4 Kb6 104. Kb4 1-0

[Event "AUT-ch Vor2 Internet"]
[Site "Playchess.com INT"]
[Date "2020.04.13"]
[Round "7"]
[White "Holzleithner, Johannes"]
[Black "Polterauer, Chiara"]
[Result "0-1"]
[WhiteElo "1979"]
[BlackElo "2178"]
[PlyCount "100"]
[EventDate "2020.04.13"]
[EventType "swiss (blitz)"]
[EventRounds "9"]
[EventCountry "AUT"]
[SourceTitle "CBM 195 Extra"]
[Source "ChessBase"]
[SourceDate "2020.05.31"]
[SourceVersion "1"]
[SourceVersionDate "2020.05.31"]
[SourceQuality "1"]

1. e4 e5 2. d4 exd4 3. Qxd4 Nc6 4. Qe3 Nf6 5. Nc3 Bb4 6. Bd2 0-0 7. 0-0-0 Re8 8. Bc4 Ne5 9. Bb3 Neg4 10. Qg3 d5 11. h3 Bd6 12. Qh4 Ne5 13. Nxd5 Nxd5 14. Qxd8 Rxd8 15. Bxd5 c6 16. Bb3 a5 17. f4 Ng6 18. e5 Bc5 19. Nf3 b5 20. Ng5 Nh8 21. e6 fxe6 22. Nxe6 Bxe6 23. Bxe6+ Kf8 24. Bc3 b4 25. Be5 Ng6 26. Rde1 Nxe5 27. Rxe5 Bd4 28. Rf5+ Bf6 29. g4 Ke7 30. Re1 Kd6 31. g5 Bd4 32. Bc4 Rf8 33. Re6+ Kc7 34. Re7+ Kb6 35. Rff7 Rxf7 36. Rxf7 Re8 37. Kd2 Kc5 38. Bd3 Bxb2 39. Bxh7 Bc3+ 40. Kd3 Rh8 41. g6 Rd8+ 42. Ke4 Rd2 43. Rf5+ Kb6 44. Bg8 Rxc2 45. h4 Re2+ 46. Kd3 Rh2 47. h5 Rh3+ 48. Ke4 Rh1 49. Kd3 Rd1+ 50. Kc4 a4 0-1

[Event "AUT-ch Vor1 Internet"]
[Site "Playchess.com INT"]
[Date "2020.04.11"]
[Round "2"]
[White "Ofner, Maximilian"]
[Black "Holzleithner, Johannes"]
[Result "1-0"]
[WhiteElo "2177"]
[BlackElo "1979"]
[PlyCount "67"]
[EventDate "2020.04.11"]
[EventType "swiss (blitz)"]
[EventRounds "9"]
[EventCountry "AUT"]
[SourceTitle "CBM 195 Extra"]
[Source "ChessBase"]
[SourceDate "2020.05.31"]
[SourceVersion "1"]
[SourceVersionDate "2020.05.31"]
[SourceQuality "1"]

1. e4 e6 2. d4 d5 3. e5 c5 4. c3 Bd7 5. Nf3 Qb6 6. Be2 Bb5 7. 0-0 Bxe2 8. Qxe2 Nc6 9. Rd1 cxd4 10. cxd4 Rc8 11. Nc3 Nge7 12. Be3 Nf5 13. a3 Na5 14. g4 Nxe3 15. fxe3 Nb3 16. Rab1 Be7 17. Nd2 Nxd2 18. Rxd2 Qa5 19. Rc2 b6 20. Nd1 0-0 21. Rbc1 Rxc2 22. Rxc2 Qa4 23. Qd3 h6 24. Rc7 Bd8 25. Qc2 Qxc2 26. Rxc2 Bg5 27. Rc7 a5 28. Kf2 Re8 29. Rb7 Rc8 30. Nc3 Bd8 31. Ke2 Kh7 32. Rxf7 Kg6 33. Rb7 Bc7 34. Nb5 1-0

[Event "Bodensee op"]
[Site "Bregenz"]
[Date "2019.05.26"]
[Round "2"]
[White "Holzleithner, Johannes"]
[Black "Bezemer, Arno J"]
[Result "0-1"]
[WhiteElo "1976"]
[BlackElo "2246"]
[PlyCount "84"]
[EventDate "2019.05.25"]
[EventType "swiss"]
[EventRounds "9"]
[EventCountry "AUT"]
[SourceTitle "CBM 190 Extra"]
[Source "ChessBase"]
[SourceDate "2019.07.15"]
[SourceVersion "1"]
[SourceVersionDate "2019.07.15"]
[SourceQuality "1"]

1. e4 Nf6 2. e5 Nd5 3. d4 d6 4. c4 Nb6 5. exd6 cxd6 6. Nc3 g6 7. Be3 Bg7 8. Rc1 0-0 9. b3 Bf5 10. Bd3 Bxd3 11. Qxd3 d5 12. c5 Nc8 13. Nf3 Nc6 14. 0-0 e6 15. Rfe1 N8e7 16. Bf4 Nf5 17. Nb5 a6 18. Nd6 Nxd6 19. Bxd6 Re8 20. Re2 Rc8 21. a3 Nxd4 22. Nxd4 Qxd6 23. b4 Qd7 24. Nf3 e5 25. Rce1 f6 26. Nd2 Rcd8 27. Qb3 Qf7 28. Rd1 f5 29. Nf3 d4 30. Qxf7+ Kxf7 31. Nd2 d3 32. Re3 Bh6 33. Rh3 Kg7 34. Nc4 e4 35. Nd6 Re7 36. g4 fxg4 37. Rh4 Bf4 38. Rxg4 Bxd6 39. cxd6 Rxd6 40. Rg5 Rc6 41. Rd5 Rc2 42. Re1 Re2 0-1

[Event "AUT-ch"]
[Site "Vienna"]
[Date "2018.07.23"]
[Round "2"]
[White "Hupfer, Robert"]
[Black "Holzleithner, Johannes"]
[Result "1-0"]
[WhiteElo "2122"]
[BlackElo "2000"]
[PlyCount "113"]
[EventDate "2018.07.22"]
[EventType "swiss"]
[EventRounds "9"]
[EventCountry "AUT"]
[SourceTitle "CBM 185 Extra"]
[Source "ChessBase"]
[SourceDate "2018.07.29"]
[SourceVersion "1"]
[SourceVersionDate "2018.07.29"]
[SourceQuality "1"]

1. d4 e6 2. c4 Nf6 3. Nf3 b6 4. g3 Bb7 5. Bg2 Be7 6. Nc3 Ne4 7. Qc2 Nxc3 8. Qxc3 0-0 9. 0-0 d6 10. b3 f5 11. Bb2 Bf6 12. Rad1 Nd7 13. Qc1 Qe8 14. Rfe1 a5 15. Rd3 Rb8 16. Red1 Qf7 17. Ng5 Qe7 18. Nf3 Qf7 19. Ne1 Be4 20. R3d2 Bg5 21. f4 Bh6 22. Nc2 Nf6 23. d5 e5 24. e3 Rbe8 25. Re1 Qg6 26. Qa1 exf4 27. exf4 Bxc2 28. Rxc2 Rxe1+ 29. Qxe1 Re8 30. Re2 Rxe2 31. Qxe2 Qe8 32. Qxe8+ Nxe8 33. Kf2 g6 34. Ke3 Bg7 35. Bxg7 Kxg7 36. a3 Nf6 37. h3 Kf7 38. Bf3 h5 39. b4 axb4 40. axb4 Ke7 41. Kd4 Kd8 42. c5 bxc5+ 43. bxc5 dxc5+ 44. Kxc5 Kd7 45. Bg2 h4 46. g4 Nxg4 47. hxg4 fxg4 48. Be4 Ke7 49. Kc6 h3 50. Kxc7 g3 51. d6+ Ke6 52. d7 g2 53. d8Q g1Q 54. Qd5+ Ke7 55. Qe5+ Kf8 56. Qh8+ Ke7 57. Qg7+ 1-0

[Event "AUT-ch"]
[Site "Graz"]
[Date "2017.08.17"]
[Round "6"]
[White "Kersten, Julian"]
[Black "Holzleithner, Johannes"]
[Result "1-0"]
[WhiteElo "2041"]
[BlackElo "2009"]
[PlyCount "31"]
[EventDate "2017.08.12"]
[EventType "swiss"]
[EventRounds "9"]
[EventCountry "AUT"]
[SourceTitle "CBM 180 Extra"]
[Source "ChessBase"]
[SourceDate "2017.10.06"]
[SourceVersion "1"]
[SourceVersionDate "2017.10.06"]
[SourceQuality "1"]

1. d4 Nf6 2. Bg5 d5 3. Bxf6 gxf6 4. Nf3 Bg4 5. c4 c6 6. cxd5 cxd5 7. Nc3 Bxf3 8. exf3 e6 9. Bb5+ Nc6 10. Qa4 Qd7 11. 0-0 a6 12. Rac1 Rc8 13. Bxc6 Qxc6 14. Nxd5 exd5 15. Rxc6 Rxc6 16. Qb3 1-0

[Event "AUT-ch"]
[Site "Graz"]
[Date "2017.08.14"]
[Round "3"]
[White "Holzleithner, Johannes"]
[Black "Morgunov, Daniel"]
[Result "0-1"]
[WhiteElo "2009"]
[BlackElo "2153"]
[PlyCount "82"]
[EventDate "2017.08.12"]
[EventType "swiss"]
[EventRounds "9"]
[EventCountry "AUT"]
[SourceTitle "CBM 180 Extra"]
[Source "ChessBase"]
[SourceDate "2017.10.06"]
[SourceVersion "1"]
[SourceVersionDate "2017.10.06"]
[SourceQuality "1"]

1. e4 c5 2. Nf3 a6 3. d4 cxd4 4. Nxd4 Nf6 5. Nc3 e5 6. Nb3 Bb4 7. Bg5 d6 8. Bd3 0-0 9. 0-0 Bxc3 10. bxc3 Be6 11. Kh1 h6 12. Bh4 Nbd7 13. Qd2 Rc8 14. f3 Qc7 15. Rfd1 Qxc3 16. Qxc3 Rxc3 17. Be1 Rc7 18. Bb4 Nc5 19. Bf1 Ne8 20. Nxc5 dxc5 21. Ba5 Rc6 22. a4 f6 23. Rab1 Rf7 24. Rd8 Kf8 25. Rb8 Rd7 26. R8xb7 Rd4 27. R7b6 Bd7 28. Rxc6 Bxc6 29. Bb6 Rxa4 30. Bxc5+ Kf7 31. Kg1 Nc7 32. Rb6 Bb5 33. Bxb5 Nxb5 34. Rb7+ Kg8 35. Rb8+ Kh7 36. Rc8 Rc4 37. Kf2 Nd4 38. Ra8 Rxc2+ 39. Kg3 Rxc5 40. Rxa6 Rc2 41. Ra7 Kg6 0-1

[Event "Latschach op 30th"]
[Site "Latschach"]
[Date "2014.08.10"]
[Round "3"]
[White "Holzleithner, Johannes"]
[Black "Meudt, Markus"]
[Result "1/2-1/2"]
[WhiteElo "1944"]
[BlackElo "2127"]
[PlyCount "45"]
[EventDate "2014.08.09"]
[EventType "swiss"]
[EventRounds "9"]
[EventCountry "AUT"]
[SourceTitle "CBM 161 Extra"]
[Source "ChessBase"]
[SourceDate "2014.08.29"]
[SourceVersion "1"]
[SourceVersionDate "2014.08.29"]
[SourceQuality "1"]

1. e4 c5 2. Nf3 a6 3. d4 cxd4 4. Nxd4 Nf6 5. Nc3 e5 6. Nf3 Bb4 7. Bd2 Nc6 8. Bd3 d5 9. Nxd5 Nxd5 10. exd5 Qxd5 11. 0-0 0-0 12. Bxb4 Nxb4 13. Re1 Nxd3 14. Qxd3 Qxd3 15. cxd3 f6 16. d4 exd4 17. Nxd4 Bd7 18. Re7 Rf7 19. Rae1 Kf8 20. Rxf7+ Kxf7 21. f3 b5 22. Kf2 a5 23. Re3 1/2-1/2